Podział administracyjny Wesołej - Statystyki

Ogólne statystyki
  • Ten quiz został rozwiązany 4 razy
  • Średni wynik to 3 z 6
Statystyki odpowiedzi
Odpowiedź: % Poprawnych
Groszówka
100%
Plac Wojska Polskiegoq
50%
Stara Miłosna
50%
Wesoła-Centrum
50%
Wesoła Grzybowska
50%
Zielona-Grzybowa
0%
Nie znaleziono quizów pasujących do podanych kryteriów
Rozkład punktacji
Procent ludzi z każdym wynikiem
Percentyl według liczby udzielonych odpowiedzi
Twoja historia wyników
Nie rozwiązałeś tego quizu